ETHICAL dimension of citizenship

Guardat en:
Dades bibliogràfiques
Autor principal: edited by MAKINDE, Akinola Moses
Format: Llibre
Idioma:anglès
Publicat: The Nigerian Academy of Letters, University of Ibadan 2015
Etiquetes: Afegir etiqueta
Sense etiquetes, Sigues el primer a etiquetar aquest registre!

MARC

LEADER 00000nam a22000007a 4500
008 210406b ||||| |||| 00| 0 eng d
020 |a 978-978-2459-75-5 
100 |a edited by MAKINDE, Akinola Moses 
245 |a ETHICAL dimension of citizenship  |c edited by Moses Akinola Makinde.  |g xiv, 123p 
250 |c edited by MAKINDE, Akinola Moses 
260 |b The Nigerian Academy of Letters, University of Ibadan  |c 2015  |h Ibadan  |i 685302  |i 685304  |i 685305  |i 685306  |i 685307  |i 685308  |i 685309  |l JC571 .Et3  |m Citizenship. 
500 |a “It includes references” 
942 |a lcc  |c BK  |e YUNUSA, A.A.  |f 06/04/21 
952 |0 0  |1 0  |2 lcc  |4 0  |6 JC0571 E T3  |7 0  |9 2027  |a HOL  |b HOL  |c GJ  |d 2021-04-06  |l 0  |o JC571 .Et3  |p 2021-5886  |r 2021-04-06 00:00:00  |w 2021-04-06  |y BK 
952 |0 0  |1 0  |2 lcc  |4 0  |6 JC0571 E T3  |7 0  |9 2028  |a HOL  |b HOL  |c GJ  |d 2021-04-06  |l 0  |o JC571 .Et3  |p 2021-5887  |r 2021-04-06 00:00:00  |w 2021-04-06  |y BK 
952 |0 0  |1 0  |2 lcc  |4 0  |6 JC0571 E T3  |7 0  |9 2029  |a HOL  |b HOL  |c GJ  |d 2021-04-06  |l 0  |o JC571 .Et3  |p 2021-5888  |r 2021-04-06 00:00:00  |w 2021-04-06  |y BK 
952 |0 0  |1 0  |2 lcc  |4 0  |6 JC0571 E T3  |7 0  |9 2030  |a HOL  |b HOL  |c GJ  |d 2021-04-06  |l 0  |o JC571 .Et3  |p 2021-5889  |r 2021-04-06 00:00:00  |w 2021-04-06  |y BK 
952 |0 0  |1 0  |2 lcc  |4 0  |6 JC0571 E T3  |7 0  |9 2031  |a HOL  |b HOL  |c GJ  |d 2021-04-06  |l 0  |o JC571 .Et3  |p 2021-5890  |r 2021-04-06 00:00:00  |w 2021-04-06  |y BK 
952 |0 0  |1 0  |2 lcc  |4 0  |6 JC0571 E T3  |7 0  |9 2032  |a HOL  |b HOL  |c GJ  |d 2021-04-06  |l 0  |o JC571 .Et3  |p 2021-5891  |r 2021-04-06 00:00:00  |w 2021-04-06  |y BK 
952 |0 0  |1 0  |2 lcc  |4 0  |6 JC0571 E T3  |7 0  |9 2033  |a HOL  |b HOL  |c GJ  |d 2021-04-06  |l 0  |o JC571 .Et3  |p 2021-5892  |r 2021-04-06 00:00:00  |w 2021-04-06  |y BK 
952 |0 0  |1 0  |2 ddc  |4 0  |7 0  |9 2034  |a HOL  |b HOL  |d 2021-04-06  |l 0  |r 2021-04-06 00:00:00  |w 2021-04-06  |y BK 
999 |c 1055  |d 1055